Kliknij kraje Czech na mapie - Statystyki

Ogólne statystyki
  • Ten quiz został rozwiązany 78 razy
  • Średni wynik to 9 z 14
Odpowiedzi na mapie
Odpowiedzi zakodowano w zielono-czerwonej skali na mapie do tego quizu, zgodnie z poniższymi procentami.
 
Statystyki odpowiedzi
Odpowiedź % Poprawnych
Praga
91%
Kraj południowoczeski
86%
Kraj środkowoczeski
80%
Kraj morawsko-śląski
73%
Kraj południowomorawski
70%
Kraj pilzneński
64%
Kraj liberecki
61%
Kraj ustecki
61%
Kraj karlowarski
59%
Kraj pardubicki
55%
Kraj zliński
52%
Kraj Wysoczyna
50%
Kraj hradecki
43%
Kraj ołomuniecki
41%
Nie znaleziono quizów pasujących do podanych kryteriów
Rozkład punktacji
Procent ludzi z każdym wynikiem
Percentyl według liczby udzielonych odpowiedzi
Twoja historia wyników
Nie rozwiązałeś tego quizu